Gaming Quiz

Random Gaming or Video Games Quiz

Video Games in Other Words Quiz Stats

 Plays Quiz Updated Oct 23, 2018

Challenge
Share
Tweet
Embed
Score 0/26 Timer 07:00
9 Plays Today
Clue Answer % Correct
Shrek's sidekickDonkey Kong
84.7%
Sirius or PolarisStar Fox
73.1%
Course-ending examFinal Fantasy
66.1%
Prefix with bytes or bucksMega Man
66%
Igneous, sedimentary or metamorphicRock Band
65.7%
Les Paul or Fender productGuitar Hero
62.4%
Wall Street event of 1929Crash Bandicoot
58.8%
What a claustrophobic needsSpace Invaders
58.5%
FlawlessPerfect Dark
58.2%
Angel topperHalo: Reach
58.1%
AvenueStreet Fighter
54%
Monarch's domainKingdom Hearts
52.9%
ShovelDig Dug
48.3%
Clue Answer % Correct
Puzo who wrote 'The Godfather'Mario Bros.
45.4%
2B in baseballDouble Dragon
44.3%
One who lives in a given placeResident Evil
43.9%
What love is, according to Pat BenatarBattlefield 1942
39.7%
'Get down!'Duck Hunt
37.4%
SepulcherTomb Raider
32%
Kind of silo or defenseMissile Command
30.6%
Prefix with hero or humanSuper Contra
28.7%
Boxing takedownKnockout Kings
27.5%
Blissful or celestialHeavenly Sword
21.6%
Subject to deathMortal Kombat
19.9%
Adjusted, as a hemlineAltered Beast
19.6%
Person from WarsawPole Position
18.7%

You're not logged in!

Compare scores with friends on all Sporcle quizzes.
OR
Log In

You Might Also Like...

Show Comments

Extras

Top Quizzes Today


Score Distribution

Your Account Isn't Verified!

In order to create a playlist on Sporcle, you need to verify the email address you used during registration. Go to your Sporcle Settings to finish the process.

Report this User

Report this user for behavior that violates our Community Guidelines.

Details: